Streichquartett G moll op. 54, No. 1

Uložené v:
Podrobná bibliografia
Hlavný autor: Reger, Max 1873-1916 (Author)
Médium: Kniha
Jazyk:German
Vydané: Wien : Wiener Philharmonischer Verlag A. G., [1923].
Vydanie:1. Aufl.
Edícia:Philharmonia Partituren No. 222
ISBN: (brož.)
Fyzický popis: 44 s.
Tagy: Pridať tag
Žiadne tagy, Buďte prvý kto otaguje tento záznam!

MARC

LEADER 00000nam a22000004a 4500
001 000427708
005 20130716061040.0
008 130716s1923 au e 000 0 ger d
020 |a (brož.) 
040 |a SVKKK  |b slo  |c SVKKK  |e AACR2 
041 0 |a ger 
043 |a e-xo--- 
044 |a au  |c AT 
100 1 |a Reger, Max  |d 1873-1916  |4 aut 
245 1 0 |a Streichquartett G moll  |h [hudobnina]  |p op. 54, No. 1  |c Max Reger. 
250 |a 1. Aufl. 
260 |a Wien :  |b Wiener Philharmonischer Verlag A. G.,  |c [1923]. 
300 |a 44 s. 
490 1 |a Philharmonia Partituren  |v No. 222 
830 0 |a Philharmonia Partituren  |v No. 222 
910 |a svkkk 
998 |a BK 
090 |g SCKHL  |k Sklad Hlavná 10 suterén  |a I.24676  |j 323913  |i 2720472008  |s Prezenčne